LEADER 03496nam 22006375 450 001 9910624319303321 005 20260116160000.0 010 $a3-031-12790-0 024 7 $a10.1007/978-3-031-12790-8 035 $a(MiAaPQ)EBC7133745 035 $a(Au-PeEL)EBL7133745 035 $a(CKB)25299466200041 035 $a(PPN)266355420 035 $a(DE-He213)978-3-031-12790-8 035 $a(OCoLC)1350616321 035 $a(EXLCZ)9925299466200041 100 $a20221108d2022 u| 0 101 0 $aeng 135 $aurcnu|||||||| 181 $ctxt$2rdacontent 182 $cc$2rdamedia 183 $acr$2rdacarrier 200 10$aAtlas of Esophageal Surgery /$fedited by Fernando A. M. Herbella, Marco G. Patti 205 $a2nd ed. 2022. 210 1$aCham :$cSpringer International Publishing :$cImprint: Springer,$d2022. 215 $a1 online resource (164 pages) 225 1 $aMedicine Series 311 08$aPrint version: Herbella, Fernando A. M. Atlas of Esophageal Surgery Cham : Springer International Publishing AG,c2022 9783031127892 320 $aIncludes bibliographical references. 327 $a1. History of esophageal surgery. Herbella FAM -- 2. Radiology for esophageal diseases. D?Ippolito Giuseppe -- 3. Endoscopy: from diagnosis to treatment. Ferri L -- 4. Esophageal function tests. Herbella FAM -- 5. Laparoscopic operations for gastroesophageal reflux disease. Patti MG -- 6. Laparoscopic paraesophageal hernia repair. Oleynikov D -- 7. Laparoscopic Heller myotomy with Dor fundoplication. Patti MG -- 8. POEM. Hungness E -- 9. Zenker?s diverticulum. From the open to the endoscopic approach. Ujiki M -- 10. Epiphrenic diverticulum. Velanovich V -- 11. Trans-hiatal esophagectomy. Posner MC -- 12. Roux-en-Y bypass for GERD and morbid obesity. Prachand V -- 13. Ivor Lewis esophagectomy. Low D -- 14. Hybrid esophagectomy. Patti MG -- 15. Minimally invasive esophagectomy. Molena D. 330 $aThis Atlas focuses on surgical techniques used to treat the entire spectrum of esophageal diseases. Surgical ?pearls? and tips on how to select and perform the correct operation are included and based both on evidence-based data and the experience of the Editors. Step-by-step descriptions of operative and endoscopic procedures in esophageal surgery are provided. Each chapter describes the current indications, perioperative management strategies, and a detailed operative approach with relevant technical considerations. The description of approaches and surgical techniques used in esophageal surgery are outlined in an easily understandable manner for the specific target audience. This book is written by world-class internationally renowned esophageal surgeons and gastroenterologists. 410 0$aMedicine Series 606 $aGastroenterology 606 $aSurgery 606 $aGastroenterology 606 $aGeneral Surgery 606 $aEsòfag$2thub 606 $aCirurgia$2thub 608 $aAtles (Científic)$2thub 608 $aLlibres electrònics$2thub 615 0$aGastroenterology. 615 0$aSurgery. 615 14$aGastroenterology. 615 24$aGeneral Surgery. 615 7$aEsòfag 615 7$aCirurgia 676 $a929.374 702 $aHerbella$b Fernando A. M. 702 $aPatti$b Marco G. 801 0$bMiAaPQ 801 1$bMiAaPQ 801 2$bMiAaPQ 906 $aBOOK 912 $a9910624319303321 996 $aAtlas of Esophageal Surgery$91759925 997 $aUNINA